Normal view MARC view

Entry Personal Name

Number of records used in: 1

001 - CONTROL NUMBER

  • control field: 15170

003 - CONTROL NUMBER IDENTIFIER

  • control field: OSt

005 - DATE AND TIME OF LATEST TRANSACTION

  • control field: 20211026153515.0

008 - FIXED-LENGTH DATA ELEMENTS

  • fixed length control field: 211026|| aca||aabn | a|a d

040 ## - CATALOGING SOURCE

  • Original cataloging agency: OSt
  • Transcribing agency: OSt

100 ## - HEADING--PERSONAL NAME

  • Personal name: Guyer,J. Paul;

670 ## - SOURCE DATA FOUND

  • Source citation: Work cat.: (OSt): Guyer,J. Paul;, An Introduction to Electric Power System Protection and coordination., 2020